000 03488nam a2200241 4500
003 DO-SdBJH
005 20260306182328.0
008 260306b2025 |||ad||| |||| 00| 0 spa d
040 _aDO-SdBJH
_bspa
_cDO-SdBJH
041 0 _aspa
090 _aCT MA-SDN 0013
_bEGAEE 2025
100 1 _aHernández Fernández, Elvis Rafael
_esustentante
245 1 0 _aDiseño de mecanismos e indicadores, a modo de observatorios de seguridad y defensa para la República Dominicana, año 2020-2023 /
_cElvis Rafael Hernández Fernández, Elaine Martes Simé ; asesor metodológico Santo Domingo Guerrero Clase ; asesor de contenido Justo Vásquez.
260 _aSanto Domingo, República Dominicana :
_bUNADE,
_c2025.
300 _axiv, 119, [12] páginas :
_bilustraciones, gráficas.
502 _aTesis y trabajos de grado (Maestría en seguridad y defensa Nacional)--Universidad Nacional para la Defensa "General Juan Pablo Duarte y Díez", Escuelas de Graduados de Altos Estudios Estratégicos, Santo Domingo, 2025.
504 _aIncluye referencias bibliográficas y anexos.
505 _aAntecedentes históricos y su base legal, para el diseño de mecanismos e indicadores, a modo de observatorios de seguridad y defensa para la República Dominicana, año 2022-2023 -- Mecanismos y sus indicadores, a modo de observatorios de seguridad y defensa para la República Dominicana, año 2022-2023 -- Elementos que componen un diseño de mecanismos e indicadores, a modo de observatorios de seguridad y defensa para la República Dominicana, año 2022-2023.
520 _aLa República Dominicana se enfrenta a retos complejos en términos de defensa y seguridad, propiciados por amenazas transnacionales como la migración irregular desde Haití, la ciberdelincuencia y el crimen organizado. Es esencial crear mecanismos e indicadores que funcionen observatorios de seguridad y defensa sólidos para afrontar estos retos, ya que esto posibilita un análisis exacto y la adopción de decisiones estratégicas. El presente estudio sugiere la creación de estos mecanismos e indicadores, empleando un enfoque mixto para compilar y analizar datos, lo cual posibilitó una compresión integral de las dimensiones económicas, políticas y sociales de la seguridad. Se basa en el marco jurídico de la República Dominicana, entre el que se incluyen la Ley Orgánica de las Fuerzas Armadas, la Constitución y la Estrategia Nacional de Desarrollo 2030. El propósito de la creación de estos es mejorar la habilidad del Estado para evaluar y monitorear as circunstancias de seguridad, optimizar la toma de decisiones y fomentar la transparencia. Aunque se han llevado a cabo iniciativas anteriores, como el Observatorio de Seguridad Ciudadana y el Centro de Análisis Estratégicos de Seguridad y Defensa, hace falta un sistema que funcione correctamente y esté al día. La investigación se organiza en tres capítulos : el primero trata sobre antecedentes históricos, el segundo sobre la creación de mecanismos e indicadores, y el tercero sobre los componentes de estos. Se prevé que este proyecto aporte significativamente a la defensa y seguridad de la República Dominicana, al suministrar datos para afrontar los reos presentes y fututos.
650 _aSeguridad nacional
_vInvestigaciones
_xDefensa nacional
_zRepública Dominicana
700 _a Elaine Martes Simé ; asesor metodológico Santo Domingo Guerrero Clase ; asesor de contenido Justo Vásquez.
_esustentante
942 _2CL
_cT
999 _c8595
_d8595